Publicidad: (Registro nro. 9232)

Detalles MARC
000 -LEADER
fixed length control field 01439nam a2200217Ia 4500
005 - FECHA Y HORA DE LA ÚLTIMA TRANSACCIÓN
control field 20241205145909.0
008 - FIXED-LENGTH DATA ELEMENTS--GENERAL INFORMATION
fixed length control field 230906s9999 xx 000 0 und d
020 ## - INTERNATIONAL STANDARD BOOK NUMBER
International Standard Book Number 970-261-087-7
040 ## - CATALOGING SOURCE
Original cataloging agency UPAN
Transcribing agency Biblioteca San Vicente
Description conventions RCAA2
041 ## - LANGUAGE CODE
Language code of text/sound track or separate title spa
082 ## - DEWEY DECIMAL CLASSIFICATION NUMBER
Classification number 659.11
Item number W455w
año de publicación 2007
100 ## - MAIN ENTRY--PERSONAL NAME
Personal name Wells, William
Relator code aut.
245 #0 - TITLE STATEMENT
Title Publicidad:
Remainder of title principios y practicas/
250 ## - EDITION STATEMENT
Edition statement 7ª ed.
260 ## - PUBLICATION, DISTRIBUTION, ETC. (IMPRINT)
Place of publication, distribution, etc México:
Name of publisher, distributor, etc Prentice Hall,
Date of publication, distribution, etc 2006
300 ## - PHYSICAL DESCRIPTION
Extent 592 p.;
Dimensions 27 cm.
505 ## - FORMATTED CONTENTS NOTE
Formatted contents note Parte 1: <br/>Fundamentos.<br/>1. Introducción a la publicidad.<br/>2. El rol de la publicidad en el marketing.<br/>3. Publicidad y sociedad.<br/>Parte 2: <br/>Planeación y estrategia.<br/>4. Como funciona la publicidad.<br/>5. La audiencia del consumidor.<br/>6. Investigación estratégica.<br/>7. Planeación estratégica.<br/>Parte 3: <br/>Medios eficaces de publicidad.<br/>8. Medios impresos y medios fuera de casa.<br/>9. Medios de transmisión.<br/>10. Medios interactivos y alternativos.<br/>11. Planeación y compra de medios.<br/>Parte 4: <br/>Mensajes publicitarios eficaces.<br/>12. El lado creativo y la estrategia de mensaje.<br/>13. Copywriting.<br/>14. Diseño y producción.<br/>Parte 5: <br/>Integración y evaluación. <br/>15. Respuesta directa.<br/>16. Promoción de ventas, eventos y patrocinios.<br/>17. Relaciones públicas.<br/>18. Situaciones especiales en publicidad.<br/>19. Evaluación de la efectividad.
650 ## - SUBJECT ADDED ENTRY--TOPICAL TERM
Source of heading or term LEMB
General subdivision Publicidad
700 ## - ADDED ENTRY--PERSONAL NAME
Personal name Moriarty, Sandra
Relator code aut.
942 ## - ADDED ENTRY ELEMENTS (KOHA)
Koha item type Libros
Source of classification or shelving scheme Dewey Decimal Classification
Existencias
Withdrawn status Lost status Source of classification or shelving scheme Damaged status Not for loan Collection code Home library Current library Date acquired Total Checkouts Full call number Barcode Date last seen Copy number Price effective from Koha item type
    Dewey Decimal Classification     Colección General Biblioteca UPAN San Vicente Biblioteca UPAN San Vicente 06/09/2023   659.11 W455w 12002419 06/09/2023 01 06/09/2023 Libros